[Event "Valle Region-ch U16"]
[Site "Cali"]
[Date "2012.02.16"]
[Round "2.4"]
[White "Delgado, Luis Felipe"]
[Black "Calero, Hector Andres"]
[Result "1/2-1/2"]
[WhiteElo "1600"]
[BlackElo "1543"]
[PlyCount "34"]
[EventDate "2012.02.16"]
[EventType "swiss"]
[EventRounds "7"]
[EventCountry "COL"]
[SourceTitle "EXT 2024"]
[Source "ChessBase"]
[SourceDate "2023.10.10"]
[SourceVersion "1"]
[SourceVersionDate "2023.10.10"]
[SourceQuality "1"]

1. e4 c5 2. c4 Nc6 3. Nf3 g6 4. d4 cxd4 5. Nxd4 Bg7 6. Be3 e6 7. Nxc6 bxc6 8. Bd4 Nf6 9. e5 Nh5 10. g3 0-0 11. Be2 Qc7 12. Bxh5 gxh5 13. Qxh5 f5 14. exf6 Bxf6 15. Bxf6 Rxf6 16. 0-0 Bb7 17. c5 Ba6 1/2-1/2